'J' Logos Quiz Stats

 Plays Quiz Updated Jul 26, 2016

Also try: 'K' Logos
Challenge
Share
Tweet
Score 0/18 Timer 05:00
3 Plays Today
% Correct
Jaguar
98.7%
Jurassic Park
95.9%
Java
88.3%
John Deere
87.9%
Jack Daniel's
85%
JC Penney
83.4%
Johnson & Johnson
82.2%
New York Jets
81.5%
Jell-O
80.3%
% Correct
Utah Jazz
77.4%
Jif
76%
Junior Mints
70.6%
Jelly Belly
66.7%
Jimmy John's
66.5%
Jeopardy!
56.7%
Johnnie Walker
48.1%
Jamba Juice
45%
J├Ągermeister
43.9%

You're not logged in!

Compare scores with friends on all Sporcle quizzes.
Join for Free
OR
Log In

You Might Also Like...

Show Comments

Extras

Top Quizzes Today


Score Distribution

Your Account Isn't Verified!

In order to create a playlist on Sporcle, you need to verify the email address you used during registration. Go to your Sporcle Settings to finish the process.

Report this User

Report this user for behavior that violates our Community Guidelines.

Details: